00000000nam 2200000za 4500
0019.847021
003CaOODSP
00520250403110010
007cr |||||||||||
008171110s1997    onc     o    f000 0 fre d
040 |aCaOODSP|bfre
043 |an-cn---
0861 |aCS11-0022/1997F-PDF
24502|aL'Annuaire du Canada 1997 |h[ressource électronique] : |btrousse de l'enseignant.
260 |a[Ottawa] : |bStatistique Canada, |c[1997]
300 |a1 v. en pagination multiple
500 |aPubl. aussi en anglais sous le titre : Canada Year Book 1997: teachers's kit.
500 |aTitre de la couv.
500 |aÉdition numérisée de l'imprimé [par Statistique Canada].
5203 |a« Spécialement conçue pour être utilisée dans les écoles, la trousse contient des documents éducationnels créés pour mettre en évidence et utiliser l'information contenue dans l'Annuaire du Canada 1997 et/ou l'Annuaire du Canada 1997 sur CD-ROM. Chaque trousse comprend 5 modules reliés à des chapitres ou des sections spécifiques de l'Annuaire du Canada »--Fournis par l'éditeur.
530 |aÉgalement publ. en version imprimée.
69207|2gccst|aAnnuaire
69207|2gccst|aRessources pédagogiques
69207|2gccst|aEnseignement primaire
69207|2gccst|aEnseignement secondaire
7102 |aStatistique Canada.
77508|tCanada Year Book 1997 |w(CaOODSP)9.847014
85640|qPDF|s8.02 Mo|uhttps://publications.gc.ca/collections/collection_2017/statcan/CS11-0022-1997-fra.pdf
986 |a11F0022XPF